Categories of hydroerosion factors

Bibliographic Details
Main Authors: Kmec, Ján, 1953- (Author), Sobotová, Lýdia, 1961- (Author), Dobrovič, Ján (Author), Bičejová, Ľuba, 1983- (Author), Gombár, Miroslav (Author)
Format: Book
Language:English
PhysicalDescription:153 strán grafy, ilustrácie 24 cm
Published: Lüdenscheid RAM-Verlag 2012
ISBN:9783942303118
Edition:Edition: first
Subjects:

MARC

LEADER 00000cam a2200000 4500
001 vtls011913857
003 SK-MaSNL
005 20260301225254.0
008 220107s2012 gw a fr 000 0 eng
015 |a SNBZSA2021/08 
020 |a 9783942303118  |q (brožované) 
035 |a urn:nbn:sk:snk-am00g6ay 
035 |a urn:nbn:sk:snk-am3iyzo 
035 |a 37F3029E-5B69-4FB7-94B4-22189E5BC0A2 
040 |a SNK  |b slo  |c SNK  |e rda 
041 0 |a eng 
044 |a gw  |c DE 
072 7 |a 544  |x Fyzikálna chémia  |2 konspekt 
072 7 |a 551  |x Geológia. Meteorológia. Klimatológia  |2 konspekt 
080 |a 544.275  |2 2011 
080 |a 551.311.21  |2 2011 
080 |a (048.8:082)  |2 2011 
100 1 |a Kmec, Ján,  |d 1953-  |4 aut  |9 138620 
245 1 0 |a Categories of hydroerosion factors  |c Ján Kmec, Lýdia Sobotová, Ján Dobrovič, Ľuba Bičejová, Miroslav Gombár 
250 |a Edition: first 
264 1 |a Lüdenscheid  |b RAM-Verlag  |c 2012 
300 |a 153 strán  |b grafy, ilustrácie  |c 24 cm 
336 |a text  |b txt  |2 rdacontent 
337 |a bez média  |b n  |2 rdamedia 
338 |a zväzok  |b nc  |2 rdacarrier 
504 |a Obsahuje bibliografiu na strane 146-151 
650 0 7 |a kvapaliny  |2 SNKPH  |9 50943 
650 0 7 |a Liquids  |2 SNKPHeng  |9 325397 
650 0 7 |a technológia vodného lúča  |2 SNKPH  |9 438237 
650 0 7 |a vodná erózia  |2 SNKPH  |9 69484 
650 0 7 |a Water erosion  |2 SNKPHeng  |9 332949 
655 7 |a kolektívne monografie  |2 SNKPH  |9 249850 
655 7 |a Collective monographs  |2 SNKPHeng  |9 125747 
700 1 |a Sobotová, Lýdia,  |d 1961-  |4 aut  |9 220094 
700 1 |a Dobrovič, Ján  |4 aut  |9 329523 
700 1 |a Bičejová, Ľuba,  |d 1983-  |4 aut  |9 224104 
700 1 |a Gombár, Miroslav  |4 aut  |9 329524 
919 |a 978-3-942303-11-8 
958 |a ZS 
958 |a NB 
999 |c 950299  |d 952229 
952 |a SNK  |b SNK  |y PREZ  |7 0  |p 17A1450371  |o snkSC 111751  |i snk2021/1794  |8 4  |g 67.05  |0 0  |1 0  |4 0  |d 2020-01-28  |f 1  |l 0  |r 2025-10-01 00:00:00  |w 2026-02-24